Mikroprocesory
Uložené v:
| Hlavní autori: | , , |
|---|---|
| Médium: | Kniha |
| Jazyk: | Czech |
| Vydavateľské údaje: |
Brno :
Vysoké učení technické v Brně,
1987
|
| Vydanie: | 4. vyd. |
| Tagy: |
Žiadne tagy, Buďte prvý, kto otaguje tento záznam!
|
MARC
| LEADER | 00000nam a22000003a 4500 | ||
|---|---|---|---|
| 001 | stu25483 | ||
| 005 | 20150617225743.2 | ||
| 008 | 980430s1987------------------------cze-d | ||
| 040 | |a STU |b slo | ||
| 041 | 0 | |a cze | |
| 100 | 1 | |a Vrba, Radimír |4 aut | |
| 245 | 1 | |a Mikroprocesory | |
| 250 | |a 4. vyd. | ||
| 260 | |a Brno : |b Vysoké učení technické v Brně, |c 1987 | ||
| 300 | |a 221 s | ||
| 700 | 1 | |a Legát, Pavel |4 aut | |
| 700 | 1 | |a Novotný, Michael |4 aut | |
| 996 | |b 284ES14821 |c E*S-31008 |l EE01 |s A |a 24 |w stu25483_0007 | ||
| 996 | |b 284ES14820 |c E*S-31009 |l EE01 |s A |a 24 |w stu25483_0008 | ||
| 996 | |b 284ES14826 |c E*S-31002 |l EE01 |s A |a 24 |w stu25483_0010 | ||